| 000 | 00873nam a2200217 a 4500 | ||
|---|---|---|---|
| 001 | 54912 | ||
| 003 | BD-RjUL | ||
| 005 | 20211209080204.0 | ||
| 008 | 161112b1984 bg ||||| |||| 00| 0 ben d | ||
| 035 | _a(BD-RjUL)55034 | ||
| 040 |
_aBD-RjUL _bben _cBD-RjUL _dBD-RjUL |
||
| 041 | _aben | ||
| 082 |
_223 _a621 _bRAW 1984 |
||
| 100 |
_aরহমান, মুহাম্মদ মাহবুবুর _9148545 |
||
| 245 | 1 | 0 |
_aওয়ার্কশপ প্র্যাকটিস / _cমুহাম্মদ মাহবুবুর রহমান, |
| 260 |
_aঢাকা : _bবাংলা একাডেমী, _c১৯৮৪ |
||
| 300 |
_a৯৩ পৃ. : _bচিত্র ; _c২১ সেমি. |
||
| 650 |
_aমেকানিক্যাল ইঞ্জিনিয়ারিং _9148547 |
||
| 650 |
_vMechanical engineering _9152463 |
||
| 942 |
_2ddc _cBK |
||
| 999 |
_c54912 _d54912 |
||